[Event "Titled Tuesday intern op 02nd Apr Early"]
[Site "Chess.com INT"]
[Date "2024.04.02"]
[Round "3"]
[White "King, Alexander B"]
[Black "Balla, Tamas Kristof"]
[Result "0-1"]
[WhiteElo "2263"]
[BlackElo "2291"]
[PlyCount "46"]
[EventDate "2024.04.02"]
[EventType "swiss (blitz)"]
[EventRounds "11"]
[EventCountry "USA"]
[SourceTitle "CB15_2024"]
[SourceDate "2024.04.10"]
[SourceVersion "1"]
[SourceVersionDate "2024.04.10"]
[SourceQuality "1"]

1. c4 c5 2. g3 Nc6 3. Bg2 g6 4. Nf3 Bg7 5. 0-0 e6 6. Nc3 Nge7 7. d4 cxd4 8. Nb5 d5 9. cxd5 Nxd5 10. Nbxd4 Nxd4 11. Nxd4 0-0 12. e3 b6 13. Nc6 Qc7 14. Nb4 Nxb4 15. Bxa8 Ba6 16. Bg2 Rd8 17. Qb3 Bxf1 18. Bxf1 Nc2 19. Rb1 Rd1 20. Qb5 Ne1 21. Bc4 Qb7 22. Kf1 Qf3 23. Be2 Qh1# 0-1

[Event "Charlotte op"]
[Site "Charlotte"]
[Date "2024.01.13"]
[Round "1"]
[White "Liu, Ethan1"]
[Black "King, Alexander B"]
[Result "1-0"]
[WhiteElo "1967"]
[BlackElo "2302"]
[PlyCount "61"]
[EventDate "2024.01.05"]
[EventType "swiss"]
[EventRounds "6"]
[EventCountry "USA"]
[SourceTitle "CB04_2024"]
[SourceDate "2023.10.16"]
[SourceVersion "1"]
[SourceVersionDate "2023.10.16"]
[SourceQuality "1"]

1. e4 e5 2. Nf3 Nc6 3. Bb5 Nf6 4. 0-0 Nxe4 5. d4 Nd6 6. Bxc6 dxc6 7. dxe5 Nf5 8. Qxd8+ Kxd8 9. h3 Bd7 10. Rd1 Kc8 11. Nc3 h6 12. b3 c5 13. Nd5 Ne7 14. c4 Nxd5 15. cxd5 a5 16. Re1 Ra6 17. Bb2 Rg8 18. Nd2 Be7 19. Ne4 Rg6 20. Kh2 b6 21. f4 f5 22. Nd2 c6 23. e6 Be8 24. Nc4 b5 25. d6 bxc4 26. dxe7 c3 27. Bxc3 c4 28. Rad1 c5 29. Rd8+ Kb7 30. bxc4 Bc6 31. g4 1-0

[Event "Charlotte CCCSA Spring IM-C"]
[Site "Charlotte"]
[Date "2022.05.06"]
[Round "5"]
[White "King, Alexander B"]
[Black "Martin Del Campo C, Roberto Abel"]
[Result "1-0"]
[WhiteElo "2283"]
[BlackElo "2263"]
[PlyCount "75"]
[EventDate "2022.05.04"]
[EventType "tourn"]
[EventRounds "9"]
[EventCountry "USA"]
[SourceTitle "CBM 208 Extra"]
[Source "ChessBase"]
[SourceDate "2022.07.31"]
[SourceVersion "1"]
[SourceVersionDate "2022.07.31"]
[SourceQuality "1"]

1. d4 Nf6 2. c4 d6 3. Nf3 g6 4. g3 Bg7 5. Bg2 0-0 6. 0-0 c6 7. Nc3 Qa5 8. e4 e5 9. h3 exd4 10. Nxd4 Qc5 11. Be3 Qxc4 12. Re1 Qb4 13. Qd2 Qa5 14. Rad1 Ne8 15. f4 f5 16. exf5 gxf5 17. Bf2 Qd8 18. b4 d5 19. b5 Nf6 20. Qc2 Kh8 21. bxc6 bxc6 22. Na4 Qd6 23. Nxf5 Bxf5 24. Qxf5 Nbd7 25. Re6 Qa3 26. Qc2 Rac8 27. Rd3 Qb4 28. Nc5 Nb6 29. Rb3 Qc4 30. Qd2 Nfd7 31. Nxd7 Nxd7 32. Bf1 Qa4 33. Rb7 Nb6 34. Ree7 Rg8 35. Rxa7 Nc4 36. Qd4 c5 37. Rxg7 Qxa7 38. Rxa7+ 1-0

[Event "Titled Tuesday intern op 22nd Feb Early"]
[Site "Chess.com INT"]
[Date "2022.02.22"]
[Round "5"]
[White "King, Alexander B"]
[Black "Narayanan, Srinath"]
[Result "1/2-1/2"]
[WhiteElo "2283"]
[BlackElo "2553"]
[PlyCount "208"]
[EventDate "2022.02.22"]
[EventType "swiss (blitz)"]
[EventRounds "11"]
[EventCountry "USA"]
[SourceTitle "CBM 207 Extra"]
[Source "ChessBase"]
[SourceDate "2022.05.31"]
[SourceVersion "1"]
[SourceVersionDate "2022.05.31"]
[SourceQuality "1"]

1. d4 Nf6 2. c4 e6 3. Nc3 Bb4 4. e3 0-0 5. Bd3 d5 6. Nf3 c5 7. 0-0 Nc6 8. cxd5 exd5 9. dxc5 Bxc5 10. b3 Bg4 11. Be2 Rc8 12. Bb2 Re8 13. h3 Bh5 14. Nh4 Bxe2 15. Nxe2 Ne5 16. Nf5 Qd7 17. Neg3 g6 18. Nh6+ Kg7 19. Ng4 Nfxg4 20. Qxg4 Qxg4 21. hxg4 f6 22. Rfd1 Red8 23. g5 Be7 24. gxf6+ Bxf6 25. Rac1 Rxc1 26. Rxc1 Rd7 27. Bd4 Nc6 28. Ne2 Nxd4 29. Nxd4 Bxd4 30. exd4 Kf6 31. Kf1 Re7 32. f3 h5 33. Kf2 h4 34. Rc8 g5 35. a4 b6 36. Rd8 Ke6 37. Rg8 Kf6 38. Rd8 Rc7 39. Rxd5 Rc2+ 40. Kg1 Rb2 41. Rb5 Rd2 42. a5 Rxd4 43. axb6 axb6 44. Rxb6+ Kf5 45. Rc6 Rd3 46. Rc5+ Kf4 47. Rc4+ Kf5 48. b4 Rb3 49. Kh2 Rb1 50. Rd4 Ke6 51. Re4+ Kf6 52. Rd4 Rb3 53. Rg4 Kf5 54. Rc4 Rd3 55. b5 Rb3 56. Rc5+ Kf4 57. Rc4+ Kf5 58. Rc5+ Kg6 59. Kh3 Kh5 60. Rd5 Rb1 61. Kh2 Rb4 62. Kh3 Kg6 63. Rc5 Kf6 64. Kh2 Rd4 65. b6 Rb4 66. Rc6+ Kf5 67. Kh3 Rb2 68. Kh2 Rb1 69. Rc5+ Kf4 70. Rc4+ Kf5 71. Rc5+ Kg6 72. Rc6+ Kh5 73. Rd6 Rb5 74. Rc6 Rb4 75. Rd6 Rb1 76. Rc6 Rb5 77. Rd6 g4 78. fxg4+ Kxg4 79. Rc6 Rb2 80. Rg6+ Kh5 81. Rc6 Kg5 82. Rc5+ Kf4 83. Rc6 Kf5 84. Kh3 Kg5 85. Rc5+ Kg6 86. Rc6+ Kh5 87. Kh2 Kg4 88. Rg6+ Kf5 89. Rc6 Rb4 90. Kh3 Kg5 91. Rc5+ Kg6 92. Rc6+ Kf5 93. Rh6 Rb2 94. Kh2 Kg5 95. Rc6 Rb5 96. Kh3 Rb3+ 97. Kh2 Kf4 98. Rh6 Kg4 99. Rg6+ Kh5 100. Rc6 Rb5 101. Kh3 Rb4 102. Kh2 Kg5 103. Rc5+ Kg4 104. Rc6 Rb2 1/2-1/2

[Event "Titled Tuesday intern op 22nd Feb Early"]
[Site "Chess.com INT"]
[Date "2022.02.22"]
[Round "4"]
[White "King, Alexander B"]
[Black "Samunenkov, Igor"]
[Result "1-0"]
[WhiteElo "2283"]
[BlackElo "2371"]
[PlyCount "95"]
[EventDate "2022.02.22"]
[EventType "swiss (blitz)"]
[EventRounds "11"]
[EventCountry "USA"]
[SourceTitle "CBM 207 Extra"]
[Source "ChessBase"]
[SourceDate "2022.05.31"]
[SourceVersion "1"]
[SourceVersionDate "2022.05.31"]
[SourceQuality "1"]

1. d4 Nf6 2. c4 e6 3. Nc3 Bb4 4. e3 0-0 5. Bd3 d5 6. Nf3 dxc4 7. Bxc4 c5 8. 0-0 cxd4 9. exd4 b6 10. Bg5 Bb7 11. Re1 Nc6 12. a3 Be7 13. Qd3 Nd5 14. Bxd5 Bxg5 15. Be4 g6 16. d5 exd5 17. Bxd5 Bf6 18. Ne4 Bxb2 19. Rad1 Bg7 20. Nd6 Qc7 21. Nxb7 Qxb7 22. Qe4 Rac8 23. Rc1 Qe7 24. Bxc6 Qxa3 25. h4 a5 26. Rb1 Qd6 27. Rxb6 Qc5 28. Reb1 Rc7 29. Qd5 Qc2 30. Ne1 Qc3 31. Ba4 Bd4 32. R6b3 Qd2 33. Qf3 Rc1 34. Rxc1 Qxc1 35. Qe4 Qd2 36. Rf3 Bg7 37. Kh2 Qd6+ 38. g3 h5 39. Nd3 Rd8 40. Nf4 Qb6 41. Qc4 Qb1 42. Nxg6 Qb8 43. Ne7+ Kh7 44. Nc6 Qc7 45. Qe4+ f5 46. Qxf5+ Kh8 47. Qxh5+ Kg8 48. Bb3+ 1-0

[Event "Titled Tuesday intern op 22nd Feb Early"]
[Site "Chess.com INT"]
[Date "2022.02.22"]
[Round "3"]
[White "Muradli, Mahammad"]
[Black "King, Alexander B"]
[Result "0-1"]
[WhiteElo "2528"]
[BlackElo "2283"]
[PlyCount "230"]
[EventDate "2022.02.22"]
[EventType "swiss (blitz)"]
[EventRounds "11"]
[EventCountry "USA"]
[SourceTitle "CBM 207 Extra"]
[Source "ChessBase"]
[SourceDate "2022.05.31"]
[SourceVersion "1"]
[SourceVersionDate "2022.05.31"]
[SourceQuality "1"]

1. g3 d5 2. Bg2 e5 3. c4 d4 4. d3 c5 5. b4 cxb4 6. a3 Nc6 7. Nf3 Nf6 8. 0-0 a5 9. Bg5 h6 10. Bxf6 Qxf6 11. axb4 Bxb4 12. Na3 0-0 13. Nd2 Qe7 14. Nb5 Be6 15. Qc2 Rac8 16. Rfb1 b6 17. Qd1 Nb8 18. Nf3 Bd7 19. Qa4 Bc6 20. Nh4 Bxg2 21. Kxg2 Na6 22. Qd1 Nc5 23. Nf3 Rcd8 24. Ra2 Rfe8 25. Qc2 Rd7 26. Rd1 Qf6 27. h3 g6 28. h4 h5 29. Raa1 Kg7 30. Ng5 Qc6+ 31. Nf3 Re6 32. Rab1 Ree7 33. Rb2 Qf6 34. Qb1 Re8 35. Ra2 Qc6 36. Rb2 Rde7 37. Kg1 Rd8 38. Qc2 Qf6 39. Ng5 Qf5 40. Qb1 f6 41. Nf3 Rdd7 42. Rxb4 axb4 43. Qxb4 Qe6 44. Ra1 Qc6 45. Qb2 Re8 46. Na7 Qb7 47. Nb5 Ra8 48. Rb1 Qc6 49. Nd2 Ra5 50. Nb3 Nxb3 51. Qxb3 Qc5 52. Qd1 Re7 53. Qf1 e4 54. Qg2 exd3 55. exd3 Qf5 56. Rd1 Ra2 57. Nxd4 Qc5 58. Nf3 Ree2 59. d4 Qxc4 60. Rf1 Qd5 61. Rc1 Rxf2 62. Qxf2 Rxf2 63. Kxf2 b5 64. Rc5 Qb3 65. d5 Qb2+ 66. Ke3 b4 67. Rc7+ Kf8 68. d6 Ke8 69. Nd4 Qa3+ 70. Ke4 Qa5 71. Re7+ Kf8 72. Ne6+ Kg8 73. d7 Qe5+ 74. Kd3 Qd6+ 75. Kc4 Qxe7 76. d8Q+ Qxd8 77. Nxd8 Kf8 78. Kxb4 Ke7 79. Nc6+ Kd6 80. Nd8 Ke5 81. Kc4 g5 82. Nf7+ Kf5 83. Nh6+ Ke4 84. Ng8 Kf5 85. Nh6+ Ke4 86. Ng8 Kf5 87. Kd3 gxh4 88. Nxf6 h3 89. Nxh5 h2 90. g4+ Kxg4 91. Nf6+ Kf3 92. Ne4 h1Q 93. Nd2+ Kf2 94. Nc4 Qf3+ 95. Kd4 Qd1+ 96. Kc3 Kf3 97. Nd2+ Kf4 98. Nc4 Qc1+ 99. Kd3 Qd1+ 100. Kc3 Qe1+ 101. Kd3 Qe4+ 102. Kc3 Qd5 103. Kb4 Qd4 104. Kb5 Ke4 105. Nb6 Qc3 106. Ka6 Kd4 107. Kb7 Qc5 108. Ka6 Qc6 109. Ka7 Kc5 110. Na8 Qa4+ 111. Kb8 Qc6 112. Ka7 Qd7+ 113. Kb8 Kc6 114. Nc7 Qxc7+ 115. Ka8 Qb7# 0-1

[Event "Titled Tuesday intern op 22nd Feb Early"]
[Site "Chess.com INT"]
[Date "2022.02.22"]
[Round "6"]
[White "Zhu, Jiner"]
[Black "King, Alexander B"]
[Result "1/2-1/2"]
[WhiteElo "2478"]
[BlackElo "2283"]
[PlyCount "98"]
[EventDate "2022.02.22"]
[EventType "swiss (blitz)"]
[EventRounds "11"]
[EventCountry "USA"]
[SourceTitle "CBM 207 Extra"]
[Source "ChessBase"]
[SourceDate "2022.05.31"]
[SourceVersion "1"]
[SourceVersionDate "2022.05.31"]
[SourceQuality "1"]

1. e4 e5 2. Nf3 Nc6 3. Bb5 Nf6 4. d3 Bc5 5. Bxc6 dxc6 6. 0-0 Qe7 7. Nbd2 Nd7 8. Nc4 a5 9. Bg5 f6 10. Bd2 a4 11. a3 Nf8 12. Ne3 Ne6 13. Nf5 Qf7 14. c3 g6 15. Ng3 0-0 16. Be3 Rd8 17. Qe2 Nf4 18. Bxf4 exf4 19. Nh1 Bg4 20. h3 Bh5 21. d4 Bd6 22. g4 fxg3 23. fxg3 f5 24. e5 Be7 25. Nf2 Rf8 26. Kg2 Bxf3+ 27. Qxf3 Qd5 28. Nd3 g5 29. Rf2 Kg7 30. Raf1 Kg6 31. Kh2 Qxf3 32. Rxf3 b5 33. Kg2 Rad8 34. Kf2 Rd5 35. Ke3 c5 36. dxc5 Rfd8 37. Ke2 Bxc5 38. Nxc5 Rxe5+ 39. Re3 Rde8 40. Rff3 f4 41. gxf4 gxf4 42. Rxe5 Rxe5+ 43. Kd3 Rxc5 44. Rxf4 Rh5 45. h4 Rd5+ 46. Ke2 Re5+ 47. Kd3 Rd5+ 48. Ke3 Re5+ 49. Kd3 Rd5+ 1/2-1/2

[Event "Titled Tuesday intern op 14th Dec"]
[Site "Chess.com INT"]
[Date "2021.12.14"]
[Round "2"]
[White "King, Alexander B"]
[Black "Sipila, Vilka"]
[Result "0-1"]
[WhiteElo "2283"]
[BlackElo "2409"]
[PlyCount "134"]
[EventDate "2021.12.14"]
[EventType "swiss (blitz)"]
[EventRounds "11"]
[EventCountry "USA"]
[SourceTitle "EXT 2023"]
[Source "ChessBase"]
[SourceDate "2022.10.05"]
[SourceVersion "1"]
[SourceVersionDate "2022.10.05"]
[SourceQuality "1"]

1. d4 f5 2. Nf3 Nf6 3. g3 g6 4. Bg2 Bg7 5. 0-0 0-0 6. b3 d6 7. Bb2 c6 8. c4 Na6 9. Nc3 Qc7 10. Qd3 e5 11. e4 Nb4 12. Qb1 fxe4 13. Nxe4 Nxe4 14. Qxe4 Bf5 15. Qh4 Bf6 16. Qh6 Bd3 17. Rfd1 e4 18. Ne1 d5 19. Qd2 Qe7 20. c5 Na6 21. Nxd3 exd3 22. Qxd3 Nxc5 23. Qc2 Ne6 24. a4 Qg7 25. Qd3 Rae8 26. b4 Rf7 27. Rac1 Rfe7 28. Rc2 a6 29. b5 axb5 30. axb5 Ng5 31. h4 Re1+ 32. Rxe1 Rxe1+ 33. Kh2 Ne4 34. bxc6 bxc6 35. Bxe4 Rxe4 36. Rxc6 h5 37. Qb3 Qf7 38. Rd6 Bxh4 39. Qxd5 Qxd5 40. Rxd5 Bf6 41. Kg2 Re2 42. Bc3 Rc2 43. Rc5 Kf7 44. Kf3 Be7 45. Rc7 Ke6 46. Ke3 Bd6 47. Rc8 Kd7 48. Rc4 Ke6 49. Kd3 Rxf2 50. Bd2 Rf3+ 51. Ke4 Rxg3 52. Rc6 Rg4+ 53. Kd3 Kd5 54. Ra6 Rxd4+ 55. Ke2 Re4+ 56. Kf3 Re6 57. Ra5+ Kc4 58. Ra4+ Kd3 59. Bg5 Re5 60. Bh4 Rf5+ 61. Kg2 g5 62. Bf2 Ke2 63. Re4+ Kd3 64. Re6 Bf4 65. Rh6 h4 66. Kh3 Rf8 67. Bxh4 g4+ 0-1

[Event "Titled Tuesday intern op 14th Dec"]
[Site "Chess.com INT"]
[Date "2021.12.14"]
[Round "8"]
[White "Kosteniuk, Alexandra"]
[Black "King, Alexander B"]
[Result "1-0"]
[WhiteElo "2516"]
[BlackElo "2283"]
[PlyCount "55"]
[EventDate "2021.12.14"]
[EventType "swiss (blitz)"]
[EventRounds "11"]
[EventCountry "USA"]
[SourceTitle "EXT 2023"]
[Source "ChessBase"]
[SourceDate "2022.10.05"]
[SourceVersion "1"]
[SourceVersionDate "2022.10.05"]
[SourceQuality "1"]

1. g4 d5 2. Bg2 e5 3. c4 dxc4 4. Nc3 c6 5. Nf3 Bd6 6. g5 Ne7 7. h4 Be6 8. h5 Nd7 9. h6 g6 10. Ne4 Bc7 11. b3 cxb3 12. axb3 Bd5 13. d3 Bxe4 14. dxe4 Nc5 15. Qc2 Ne6 16. Be3 Bb6 17. Bxb6 Qxb6 18. 0-0 Qc7 19. Qc3 c5 20. e3 Nc6 21. Rfd1 Qe7 22. Rd5 0-0 23. Nxe5 Nxe5 24. Qxe5 Rfe8 25. Rad1 Rad8 26. f4 Rxd5 27. exd5 f6 28. gxf6 1-0

[Event "Titled Tuesday intern op 07th Dec"]
[Site "Chess.com INT"]
[Date "2021.12.07"]
[Round "6"]
[White "Shkapenko, Pavel"]
[Black "King, Alexander B"]
[Result "1-0"]
[WhiteElo "2424"]
[BlackElo "2283"]
[PlyCount "75"]
[EventDate "2021.12.07"]
[EventType "swiss (blitz)"]
[EventRounds "11"]
[EventCountry "USA"]
[SourceTitle "CBM 205 Extra"]
[Source "ChessBase"]
[SourceDate "2022.01.31"]
[SourceVersion "1"]
[SourceVersionDate "2022.01.31"]
[SourceQuality "1"]

1. e4 e6 2. d4 d5 3. exd5 exd5 4. Nf3 Nf6 5. c4 Bb4+ 6. Nc3 0-0 7. Be2 dxc4 8. Bxc4 Nc6 9. 0-0 Bg4 10. Be3 h6 11. Re1 Bxf3 12. Qxf3 Nxd4 13. Qxb7 Bxc3 14. bxc3 Nc2 15. Red1 Qe7 16. Rab1 Nxe3 17. fxe3 Qxe3+ 18. Kh1 Qxc3 19. Rbc1 Qa5 20. Bxf7+ Kh8 21. Qxc7 Qxc7 22. Rxc7 Ng4 23. Re1 a5 24. h3 Nf6 25. Ree7 Rac8 26. Ra7 Rc5 27. Bg6 Rg8 28. Kh2 Rg5 29. Bc2 Rc8 30. Bb3 h5 31. a4 Rcc5 32. Reb7 Kh7 33. Rb6 Kh6 34. Ra8 Rc3 35. Rh8+ Kg6 36. Bd1 Rcg3 37. Bf3 Rxf3 38. gxf3 1-0

[Event "Titled Tuesday intern op 09th Nov"]
[Site "Chess.com INT"]
[Date "2021.11.09"]
[Round "2"]
[White "King, Alexander B"]
[Black "Krzywda, Andrzej"]
[Result "0-1"]
[WhiteElo "2283"]
[BlackElo "2123"]
[PlyCount "124"]
[EventDate "2021.11.09"]
[EventType "swiss (blitz)"]
[EventRounds "11"]
[EventCountry "USA"]
[SourceTitle "CBM 205 Extra"]
[Source "ChessBase"]
[SourceDate "2022.01.31"]
[SourceVersion "1"]
[SourceVersionDate "2022.01.31"]
[SourceQuality "1"]

1. d4 Nf6 2. c4 c5 3. d5 b5 4. cxb5 a6 5. bxa6 g6 6. Nc3 Bg7 7. e4 0-0 8. Nf3 Qa5 9. Bd2 Bxa6 10. Be2 Qb4 11. 0-0 Nxe4 12. Nxe4 Qxe4 13. Bxa6 Nxa6 14. Bc3 Nb4 15. Bxg7 Kxg7 16. Re1 Qxd5 17. a3 Qxd1 18. Raxd1 Nc6 19. Rxd7 Rfc8 20. Ne5 Nxe5 21. Rxe5 Rd8 22. Rexe7 Rxd7 23. Rxd7 Rb8 24. Rd2 c4 25. g3 Rb3 26. Rc2 c3 27. bxc3 Rxa3 28. c4 Ra6 29. f4 Kf6 30. Kf2 Ke6 31. Ke3 Kd6 32. Kd4 Ra1 33. Rb2 Rd1+ 34. Kc3 Kc5 35. Rb7 Rh1 36. Rc7+ Kd6 37. Rxf7 Rxh2 38. f5 Rg2 39. Rxh7 Rxg3+ 40. Kb4 gxf5 41. Rh6+ Kc7 42. Rf6 Rf3 43. Kc5 Rf1 44. Rf7+ Kd8 45. Kd6 Rd1+ 46. Kc6 Rf1 47. c5 f4 48. Kb7 Rb1+ 49. Kc6 Rf1 50. Rf8+ Ke7 51. Rf5 f3 52. Kc7 f2 53. c6 Ke6 54. Rf3 Ke7 55. Rf4 Ke6 56. Kc8 Rc1 57. c7 f1Q 58. Rxf1 Rxf1 59. Kb8 Rb1+ 60. Kc8 Kd6 61. Kd8 Rh1 62. c8Q Rh8# 0-1

[Event "Titled Tuesday intern op 02nd Nov"]
[Site "Chess.com INT"]
[Date "2021.11.02"]
[Round "4"]
[White "King, Alexander B"]
[Black "Zhalmakhanov, Ramazan"]
[Result "0-1"]
[WhiteElo "2283"]
[BlackElo "2403"]
[PlyCount "110"]
[EventDate "2021.11.02"]
[EventType "swiss (blitz)"]
[EventRounds "11"]
[EventCountry "USA"]
[SourceTitle "CBM 205 Extra"]
[Source "ChessBase"]
[SourceDate "2022.01.31"]
[SourceVersion "1"]
[SourceVersionDate "2022.01.31"]
[SourceQuality "1"]

1. d4 Nf6 2. c4 e6 3. Nc3 Bb4 4. e3 b6 5. Nge2 Bb7 6. a3 Bd6 7. Ng3 0-0 8. Bd3 c5 9. d5 Be5 10. Nge2 exd5 11. cxd5 Re8 12. 0-0 d6 13. e4 Ba6 14. h3 Qc8 15. f4 Bxc3 16. Nxc3 Nbd7 17. Re1 Bxd3 18. Qxd3 a6 19. a4 c4 20. Qd4 Nc5 21. Qxc4 Ncxe4 22. Qxc8 Raxc8 23. Nxe4 Rxe4 24. Rxe4 Nxe4 25. Be3 Rc2 26. b4 Rb2 27. b5 axb5 28. axb5 h5 29. Bxb6 Rxb5 30. Bd4 Rxd5 31. Be3 Rd3 32. Bb6 Kh7 33. Kh2 Kg6 34. Ra7 h4 35. f5+ Kxf5 36. Rxf7+ Kg6 37. Rf4 Nf6 38. Rxh4 Rb3 39. Bc7 d5 40. Be5 Ne4 41. Rg4+ Kf5 42. Bxg7 Nf2 43. Rg3 Rxg3 44. Kxg3 Ne4+ 45. Kf3 Ng5+ 46. Ke2 Ne6 47. Bb2 Ke4 48. g4 Nf4+ 49. Kf2 Nxh3+ 50. Kg3 Nf4 51. Bc1 Ne2+ 52. Kh4 Nxc1 53. g5 Kf5 54. Kh5 Ne2 55. g6 Nf4+ 0-1

[Event "Titled Tuesday intern op 02nd Nov"]
[Site "Chess.com INT"]
[Date "2021.11.02"]
[Round "10"]
[White "Myshakov, Fyodor"]
[Black "King, Alexander B"]
[Result "1-0"]
[WhiteElo "2292"]
[BlackElo "2283"]
[PlyCount "51"]
[EventDate "2021.11.02"]
[EventType "swiss (blitz)"]
[EventRounds "11"]
[EventCountry "USA"]
[SourceTitle "CBM 205 Extra"]
[Source "ChessBase"]
[SourceDate "2022.01.31"]
[SourceVersion "1"]
[SourceVersionDate "2022.01.31"]
[SourceQuality "1"]

1. c4 e6 2. Nc3 d5 3. cxd5 exd5 4. d4 c6 5. Nf3 Be7 6. Qc2 Nf6 7. Bg5 g6 8. e3 Bf5 9. Bd3 Bxd3 10. Qxd3 Nbd7 11. h4 h6 12. Bf4 Nh5 13. Be5 Nxe5 14. Nxe5 Ng7 15. Nxg6 fxg6 16. Qxg6+ Kf8 17. Rh3 Qe8 18. Rf3+ Kg8 19. Qg4 Kh7 20. 0-0-0 Rf8 21. Rg3 Bf6 22. e4 Qh5 23. Qd7 Rf7 24. Qd6 Rd8 25. Qc5 dxe4 26. Rxg7+ 1-0

[Event "Titled Tuesday intern op 02nd Nov"]
[Site "Chess.com INT"]
[Date "2021.11.02"]
[Round "6"]
[White "Schmakel, Sam A"]
[Black "King, Alexander B"]
[Result "1-0"]
[WhiteElo "2409"]
[BlackElo "2283"]
[PlyCount "59"]
[EventDate "2021.11.02"]
[EventType "swiss (blitz)"]
[EventRounds "11"]
[EventCountry "USA"]
[SourceTitle "CBM 205 Extra"]
[Source "ChessBase"]
[SourceDate "2022.01.31"]
[SourceVersion "1"]
[SourceVersionDate "2022.01.31"]
[SourceQuality "1"]

1. Nf3 d5 2. g3 Nf6 3. Bg2 Bf5 4. 0-0 e6 5. c4 c6 6. Qb3 Qb6 7. d3 Nbd7 8. Be3 Bc5 9. Bxc5 Nxc5 10. Qa3 dxc4 11. dxc4 Bxb1 12. Raxb1 a5 13. Qc3 0-0 14. e3 Rfd8 15. Rfd1 Rxd1+ 16. Rxd1 Rd8 17. Qc2 Kf8 18. Ne5 Qc7 19. Rd4 Rxd4 20. exd4 Ncd7 21. Nd3 e5 22. Qc3 exd4 23. Qxd4 Ke7 24. c5 Nf8 25. Bh3 Ne6 26. Bxe6 fxe6 27. Nf4 e5 28. Qe3 Nd5 29. Qe4 Nf6 30. Qe2 1-0

[Event "Titled Tuesday intern op 26th Oct"]
[Site "Chess.com INT"]
[Date "2021.10.26"]
[Round "10"]
[White "King, Alexander B"]
[Black "Tsyhanchuk, Stanislav"]
[Result "1-0"]
[WhiteElo "2283"]
[BlackElo "2283"]
[PlyCount "77"]
[EventDate "2021.10.26"]
[EventType "swiss (blitz)"]
[EventRounds "11"]
[EventCountry "USA"]
[SourceTitle "CBM 204 Extra"]
[Source "ChessBase"]
[SourceDate "2021.11.30"]
[SourceVersion "1"]
[SourceVersionDate "2021.11.30"]
[SourceQuality "1"]

1. d4 Nf6 2. c4 Nc6 3. Nf3 e6 4. Nc3 Bb4 5. Bd2 0-0 6. Qc2 d5 7. e3 a6 8. cxd5 exd5 9. Bd3 Ne7 10. 0-0 Bd6 11. h3 b5 12. a4 b4 13. Ne2 a5 14. Nc1 Ne4 15. Bxe4 dxe4 16. Qxe4 Bf5 17. Qh4 c5 18. dxc5 Bxc5 19. Nb3 Bb6 20. Nbd4 Bd3 21. Rfc1 Nf5 22. Nxf5 Bxf5 23. Rc6 Ba7 24. Rac1 Bd7 25. Ra6 Bxa4 26. Qxd8 Rfxd8 27. Rxa5 Bb6 28. Rxa8 Rxa8 29. Bxb4 h6 30. Bc5 Bd8 31. b4 Rb8 32. Nd4 g6 33. b5 Bf6 34. b6 Bd7 35. Ra1 Bxd4 36. Bxd4 Bc6 37. Rc1 Rc8 38. Kh2 f5 39. Rxc6 1-0

[Event "Titled Tuesday intern op 26th Oct"]
[Site "Chess.com INT"]
[Date "2021.10.26"]
[Round "9"]
[White "Lehtosaari, Mauri"]
[Black "King, Alexander B"]
[Result "0-1"]
[WhiteElo "2199"]
[BlackElo "2283"]
[PlyCount "62"]
[EventDate "2021.10.26"]
[EventType "swiss (blitz)"]
[EventRounds "11"]
[EventCountry "USA"]
[SourceTitle "CBM 204 Extra"]
[Source "ChessBase"]
[SourceDate "2021.11.30"]
[SourceVersion "1"]
[SourceVersionDate "2021.11.30"]
[SourceQuality "1"]

1. d4 d5 2. c4 e6 3. Nc3 c5 4. e3 Nf6 5. Nf3 a6 6. cxd5 exd5 7. a4 Nc6 8. Be2 Bd6 9. dxc5 Bxc5 10. 0-0 0-0 11. b3 d4 12. exd4 Nxd4 13. Nxd4 Qxd4 14. Bb2 Qh4 15. Bf3 Bg4 16. h3 Rad8 17. hxg4 Rxd1 18. Raxd1 Nxg4 19. Bxg4 Qxg4 20. Rd5 b6 21. Rfd1 h6 22. Kf1 Qb4 23. R5d3 Qxb3 24. Ba1 Qc4 25. Ne2 Qxa4 26. Bd4 Rd8 27. f3 Qc4 28. Kf2 a5 29. Ke3 Re8+ 30. Kf2 Rxe2+ 31. Kxe2 Bxd4 0-1

[Event "Titled Tuesday intern op 26th Oct"]
[Site "Chess.com INT"]
[Date "2021.10.26"]
[Round "6"]
[White "Pein, Jonathan"]
[Black "King, Alexander B"]
[Result "1-0"]
[WhiteElo "2255"]
[BlackElo "2283"]
[PlyCount "257"]
[EventDate "2021.10.26"]
[EventType "swiss (blitz)"]
[EventRounds "11"]
[EventCountry "USA"]
[SourceTitle "CBM 204 Extra"]
[Source "ChessBase"]
[SourceDate "2021.11.30"]
[SourceVersion "1"]
[SourceVersionDate "2021.11.30"]
[SourceQuality "1"]

1. e4 c5 2. d3 d5 3. exd5 Qxd5 4. Nf3 Nc6 5. Nc3 Qd7 6. g3 b6 7. Bg2 Bb7 8. 0-0 Nf6 9. Re1 e6 10. Bf4 Be7 11. a3 0-0 12. Rb1 Rad8 13. b4 cxb4 14. axb4 Bxb4 15. Rb3 Bxc3 16. Rxc3 Nd5 17. Ra3 Nxf4 18. gxf4 Qd6 19. Ra4 a5 20. Ne5 Rb8 21. Qg4 Ne7 22. Bxb7 Rxb7 23. Raa1 Qc7 24. Rac1 b5 25. Re3 Nf5 26. Rh3 h6 27. Kh1 Rc8 28. Rg1 f6 29. Ng6 Qxc2 30. Nh4 Qc5 31. d4 Qd5+ 32. f3 Nxh4 33. Rxh4 Rc3 34. Rh3 Rbc7 35. Rhg3 Kf8 36. h4 Rc1 37. Kh2 Rxg1 38. Rxg1 Rc2+ 39. Kh3 Rc7 40. Re1 Qf5 41. Rxe6 Qxg4+ 42. fxg4 Rc4 43. Rb6 Rxd4 44. Rxb5 Rxf4 45. Rxa5 Rf3+ 46. Kg2 Rb3 47. Ra7 Kg8 48. h5 Rc3 49. Kf2 Kf8 50. Kg2 Re3 51. Rb7 Re7 52. Rb6 Kf7 53. Kf3 Ra7 54. Kf4 Ra4+ 55. Kf5 Ra5+ 56. Kf4 Rg5 57. Ra6 Kg8 58. Ra8+ Kh7 59. Ra7 Rb5 60. Rc7 Rb1 61. Ra7 Rf1+ 62. Ke4 Kg8 63. Ra8+ Kh7 64. Ra7 Rf2 65. Ke3 Rh2 66. Ke4 Rh4 67. Kf5 Rh1 68. Ke4 Rb1 69. Rc7 Rb5 70. Ra7 Rb4+ 71. Kf5 Rb3 72. Kf4 Rh3 73. Rb7 Rh2 74. Ra7 Rd2 75. Rb7 Kg8 76. Kf5 Rd5+ 77. Kf4 Re5 78. Ra7 Kf8 79. Rb7 Re7 80. Rb8+ Kf7 81. Rb6 g6 82. hxg6+ Kxg6 83. Rb8 Ra7 84. Rg8+ Rg7 85. Ra8 Rb7 86. Rg8+ Kf7 87. Rh8 Rb4+ 88. Kf5 Rb5+ 89. Kf4 Kg7 90. Ra8 Rb1 91. Kf5 Rf1+ 92. Ke4 Kg6 93. Rg8+ Kf7 94. Rh8 Kg7 95. Ra8 Rf2 96. Rb8 Ra2 97. Kf4 Ra5 98. Rc8 h5 99. gxh5 Rxh5 100. Rc7+ Kg6 101. Rc8 Rh4+ 102. Kg3 Ra4 103. Rc6 Kg5 104. Rc5+ f5 105. Kf3 Ra3+ 106. Kf2 Kg4 107. Rc4+ f4 108. Rc8 Ra2+ 109. Kf1 Kg3 110. Rg8+ Kf3 111. Kg1 Ra1+ 112. Kh2 Ra7 113. Kg1 Ke3 114. Re8+ Kd2 115. Kf2 Ra3 116. Re6 Kd3 117. Re8 Kd4 118. Rd8+ Ke4 119. Re8+ Kf5 120. Rf8+ Ke5 121. Rg8 Ra2+ 122. Kf3 Ra3+ 123. Kf2 Ra4 124. Kf3 Rb4 125. Rg5+ Kf6 126. Rg4 Kf5 127. Rg8 Rb3+ 128. Kf2 Ra3 129. Ke2 1-0